000 00318nam a22001337a 4500
008 171201b xxu||||| |||| 00| 0 eng d
020 _a9780121533557
041 _aeng
080 _a61
100 _a27
101 _aMSH
245 _aCHEMOKINES, CHEMOKINE RECEPTORS, AND DISEASE
_cSCHWLEBERT, L.M
942 _2udc
_cBK
999 _c38650
_d38650